000 00819cam a2200229 a 4500
001 12307583
005 20180126092552.0
008 010212s2002 maua b 001 0 eng
010 _a 2001022232
020 _a0205342965
040 _aDLC
_cDLC
_dDLC
041 _aeng
080 _a401.93
082 0 0 _a401.93 HUL
_221
100 1 _a8
101 _aPED
245 1 0 _aBorn to talk :
_cLloyd M. Hulit, Merle R. Howard.
504 _aIncludes bibliographical references and indexes.
906 _a7
_bcbc
_corignew
_d1
_eocip
_f20
_gy-gencatlg
942 _2ddc
_cBK
999 _c41049
_d41049